000 00819nam a22002417a 4500
999 _c3245
_d3245
001 3245
003 BD-JhCC
005 20171113190003.0
008 171111s1985 bg |||| |||| 000 0 ben d
035 _a(BD-JhCC)3245
040 _aBD-JhCC
_dBD-JhCC
041 _aben
082 _a324
_bTHA 1985
100 _aঠাকুর, আবদুল হান্নান
245 _aনির্বাচন /
_cআবদুল হান্নান ঠাকুর
260 _aঢাকা :
_bবাংলা একাডেমী ,
_c১৯৮৫.
300 _a৯৯ পৃ. :
_c১৮ সেমি.
490 _aSeries in honour of the Martyrs of the language movement of February 1952.
504 _aIncludes Reference
650 _aElection
_xHistory and Development
942 _2ddc
_cBK